Imperialism and revolution in South Asia / (Record no. 562829)

MARC details
000 -LEADER
fixed length control field 01298nam a2200361 a 4500
001 - CONTROL NUMBER
control field vtls001274625
003 - CONTROL NUMBER IDENTIFIER
control field NLI
005 - DATE AND TIME OF LATEST TRANSACTION
control field 20210627041307.0
008 - FIXED-LENGTH DATA ELEMENTS--GENERAL INFORMATION
fixed length control field 120416s1973 nyu e 000 0 eng
020 ## - INTERNATIONAL STANDARD BOOK NUMBER
International Standard Book Number 0853452733 (pbk.)
039 #9 - LEVEL OF BIBLIOGRAPHIC CONTROL AND CODING DETAIL [OBSOLETE]
Level of rules in bibliographic description 201808061733
Level of effort used to assign nonsubject heading access points Pravinbp
Level of effort used to assign subject headings 201803261634
Level of effort used to assign classification bishnupadad
-- 201204161741
-- VLOAD
040 ## - CATALOGING SOURCE
Original cataloging agency NLI
Language of cataloging eng
Description conventions AACR2
041 0# - LANGUAGE CODE
Language code of text/sound track or separate title eng
044 ## - COUNTRY OF PUBLISHING/PRODUCING ENTITY CODE
MARC country code nyu
082 04 - DEWEY DECIMAL CLASSIFICATION NUMBER
Classification number 320.95405
245 00 - TITLE STATEMENT
Title Imperialism and revolution in South Asia /
Statement of responsibility, etc. edited by Kathleen Gough and Hari P. Sharma
260 ## - PUBLICATION, DISTRIBUTION, ETC.
Place of publication, distribution, etc. New York :
Name of publisher, distributor, etc. Monthly Review Press,
Date of publication, distribution, etc. 1973
300 ## - PHYSICAL DESCRIPTION
Extent viii, 470 p. ;
Dimensions 22 cm.
651 #0 - SUBJECT ADDED ENTRY--GEOGRAPHIC NAME
Geographic name South Asia
General subdivision Politics and government
9 (RLIN) 685957
651 #0 - SUBJECT ADDED ENTRY--GEOGRAPHIC NAME
Geographic name South Asia
General subdivision Economic conditions
9 (RLIN) 685958
700 1# - ADDED ENTRY--PERSONAL NAME
Personal name Sharma, Hari P.,
Relationship edt.
9 (RLIN) 685959
700 1# - ADDED ENTRY--PERSONAL NAME
Personal name Gough, Kathleen,
Dates associated with a name 1925-,
Relationship edt.
9 (RLIN) 685960
887 ## - NON-MARC INFORMATION FIELD
Content of non-MARC field Bishnu Pravinbp1
901 ## - LOCAL DATA ELEMENT A, LDA (RLIN)
a 408752
b 24.01.1974
901 ## - LOCAL DATA ELEMENT A, LDA (RLIN)
a G36945 (cop.2) :
b 24.11.1998
902 ## - LOCAL DATA ELEMENT B, LDB (RLIN)
a E 320.95405 Im 7
904 ## - LOCAL DATA ELEMENT D, LDD (RLIN)
a Bishnu
905 ## - LOCAL DATA ELEMENT E, LDE (RLIN)
a Pravinbp1
949 ## - LOCAL PROCESSING INFORMATION (OCLC)
-- VIRTUAITEM
-- 10000
-- 100
6 PUR000408752ENG
e 408752
942 ## - ADDED ENTRY ELEMENTS (KOHA)
Source of classification or shelving scheme Dewey Decimal Classification
Koha item type Books
949 ## - LOCAL PROCESSING INFORMATION (OCLC)
-- VIRTUAITEM
-- 10000
-- 2
-- 100
6 GIF000036945ENG
e G36945
Holdings
Withdrawn status Lost status Damaged status Not for loan Collection code Home library Current library Shelving location Date acquired Total Checkouts Full call number Barcode Date last seen Price effective from Koha item type
        New English National Library of India National Library of India New English - Main Stack Division     E 320.95405 Im 7 PUR000408752ENG 27/06/2021 27/06/2021 Books
        New English National Library of India National Library of India New English - Main Stack Division     E 320.95405 Im 7 GIF000036945ENG 27/06/2021 27/06/2021 Books
                                                                           
web counter

Copyright ©2020 The National Library of India, Govt. of India ↔ Hosted by NVLI, MOC ↔ Technology and Design by National Library of India, Ministry of Culture, Govt. of India